[Event "Eurasia Cup op"]
[Site "Ekaterinburg"]
[Date "2019.08.06"]
[Round "6"]
[White "Lazarev, Artem"]
[Black "Chigaeva, Anastasia"]
[Result "0-1"]
[WhiteElo "1801"]
[BlackElo "2193"]
[PlyCount "78"]
[EventDate "2019.07.31"]
[EventType "swiss"]
[EventRounds "9"]
[EventCountry "RUS"]
[SourceTitle "CBM 191 Extra"]
[Source "ChessBase"]
[SourceDate "2019.09.30"]
[SourceVersion "1"]
[SourceVersionDate "2019.09.30"]
[SourceQuality "1"]

1. e4 e6 2. d4 d5 3. exd5 exd5 4. Nf3 Bd6 5. c4 Nf6 6. Nc3 0-0 7. Be2 dxc4 8. Bxc4 Bg4 9. h3 Re8+ 10. Be3 Bh5 11. 0-0 Nbd7 12. g4 Bg6 13. Qd2 Nb6 14. Bb3 a5 15. a3 c6 16. Bg5 Bc7 17. Rae1 Qd6 18. Rxe8+ Rxe8 19. Ne5 Nbd5 20. f4 Nxc3 21. bxc3 Qxa3 22. Qd1 a4 23. Bxa4 Ne4 24. f5 Nxg5 25. fxg6 hxg6 26. Bb3 Bxe5 27. dxe5 Qc5+ 28. Qd4 Qxd4+ 29. cxd4 Nxh3+ 30. Kg2 Ng5 31. Kg3 Ne6 32. d5 cxd5 33. Bxd5 b5 34. Rb1 Nc7 35. Ba2 Rxe5 36. Rc1 Ne6 37. Rc8+ Kh7 38. Rb8 Rc5 39. Rb7 Rc3+ 0-1

[Event "Nezhmetdinov Memorial 40th"]
[Site "Kazan"]
[Date "2018.09.18"]
[Round "6"]
[White "Semenova, Anastasia"]
[Black "Lazarev, Artem"]
[Result "1-0"]
[WhiteElo "1775"]
[BlackElo "1671"]
[PlyCount "53"]
[EventDate "2018.09.13"]
[EventType "swiss"]
[EventRounds "9"]
[EventCountry "RUS"]
[SourceTitle "CBM 186 Extra"]
[Source "ChessBase"]
[SourceDate "2018.08.24"]
[SourceVersion "1"]
[SourceVersionDate "2018.08.24"]
[SourceQuality "1"]

1. e4 c6 2. d4 d5 3. exd5 cxd5 4. Bd3 Nc6 5. c3 Nf6 6. Bf4 g6 7. h3 Bf5 8. Nf3 Qb6 9. Bxf5 gxf5 10. Qb3 e6 11. Na3 Bxa3 12. Qxa3 Ne4 13. Ne5 Nxe5 14. Bxe5 f6 15. Bh2 e5 16. f3 Nd6 17. 0-0-0 Nb5 18. Qb3 exd4 19. a4 Nxc3 20. Qxb6 Na2+ 21. Kb1 axb6 22. Rxd4 b5 23. Kxa2 bxa4 24. Rxd5 Rg8 25. Re1+ Kf8 26. Bd6+ Kg7 27. Rxf5 1-0

[Event "Ufa Republican Sports op-A"]
[Site "Ufa"]
[Date "2016.05.23"]
[Round "1"]
[White "Lazarev, Artem"]
[Black "Salikhov, Linar"]
[Result "1-0"]
[WhiteElo "1564"]
[BlackElo "1445"]
[PlyCount "125"]
[EventDate "2016.05.23"]
[EventType "tourn"]
[EventRounds "9"]
[EventCountry "RUS"]
[SourceTitle "EXT 2022"]
[Source "ChessBase"]
[SourceDate "2021.10.06"]
[SourceVersion "1"]
[SourceVersionDate "2021.10.06"]
[SourceQuality "1"]

1. e4 e5 2. Nf3 Nc6 3. Bb5 a6 4. Ba4 Nf6 5. 0-0 d6 6. c3 Be7 7. Re1 b5 8. Bb3 0-0 9. h3 Re8 10. d4 h6 11. Nbd2 Bf8 12. a4 Bb7 13. Qe2 Qb8 14. Bc2 Nd8 15. dxe5 dxe5 16. Nf1 Bc6 17. a5 Nb7 18. b4 Bd6 19. Ng3 Qd8 20. Nf5 Kh7 21. Nh2 Bf8 22. Ng4 Nxg4 23. Qxg4 Qf6 24. f4 Rac8 25. Rf1 Qg6 26. Qe2 Nd6 27. fxe5 Rxe5 28. Nxd6 Bxd6 29. Bf4 Bxe4 30. Bxe5 Bxc2 31. Rf3 Re8 32. Re3 Bxe5 33. Rxe5 Rxe5 34. Qxe5 Be4 35. Ra2 Qe6 36. Qxe6 fxe6 37. Re2 Bd5 38. Kf2 Kg6 39. Kg3 Kf6 40. Kf4 Bb3 41. Rd2 Bd5 42. Re2 Bb3 43. Rd2 Bd5 44. Re2 Bc4 45. Rd2 Ke7 46. Ke5 Bd5 47. Rxd5 exd5 48. Kxd5 Kd7 49. Kc5 g6 50. g3 h5 51. h4 Kd8 52. c4 bxc4 53. Kxc4 c6 54. Kd4 Kd7 55. Ke4 Ke6 56. Kd4 Kf5 57. Kc5 Kg4 58. Kxc6 Kxg3 59. b5 axb5 60. Kxb5 Kxh4 61. a6 Kh3 62. a7 h4 63. a8Q 1-0

[Event "Ufa Republican Sports op-A"]
[Site "Ufa"]
[Date "2016.05.23"]
[Round "5"]
[White "Lazarev, Artem"]
[Black "Valiev, Rishat"]
[Result "0-1"]
[WhiteElo "1564"]
[BlackElo "1598"]
[PlyCount "126"]
[EventDate "2016.05.23"]
[EventType "tourn"]
[EventRounds "9"]
[EventCountry "RUS"]
[SourceTitle "EXT 2022"]
[Source "ChessBase"]
[SourceDate "2021.10.06"]
[SourceVersion "1"]
[SourceVersionDate "2021.10.06"]
[SourceQuality "1"]

1. e4 e6 2. d4 d5 3. exd5 exd5 4. Nf3 Nc6 5. c4 Bb4+ 6. Nc3 Bg4 7. Be2 dxc4 8. Bxc4 Qf6 9. Bd5 0-0-0 10. Bxc6 Qxc6 11. Qd3 Bxf3 12. gxf3 Qf6 13. d5 Bxc3+ 14. bxc3 Qe5+ 15. Be3 Nf6 16. 0-0-0 Qxd5 17. Qxd5 Nxd5 18. Bd4 f6 19. Rhg1 Rhg8 20. Rg4 Ne7 21. Rdg1 Ng6 22. f4 Rd5 23. Kc2 b6 24. R1g3 c5 25. Be3 Rh5 26. h3 Rd8 27. Kc1 Kb7 28. Kc2 Kc6 29. Kc1 Kb5 30. Kc2 Kc6 31. Kc1 Rdd5 32. Kc2 Rdf5 33. Kb3 Rd5 34. Kc2 Rd8 35. Kc1 Kd7 36. Kc2 Ke7 37. Kc1 Rf8 38. Kc2 Ke6 39. Kc1 Kf5 40. Kc2 Re8 41. Kc1 Re7 42. Kc2 a6 43. Kc1 Re8 44. Kc2 Re4 45. Kb1 Re7 46. Kc2 Rd7 47. Bc1 Rh4 48. Rxh4 Nxh4 49. Rg4 Ng6 50. Be3 Re7 51. Kc1 h5 52. Rg3 Nxf4 53. Bxf4 Kxf4 54. Kd2 g5 55. Rd3 Re6 56. Kd1 f5 57. Kd2 h4 58. Kd1 g4 59. Kd2 g3 60. fxg3+ hxg3 61. Kc2 g2 62. Rd1 Kg3 63. h4 Kh2 0-1